An Encyclopedia of Chairs

Bibliographic Details
Main Author: Yates, Simon
Format: Book
Published: London : The Apple Press , 1988
Subjects:

MARC

LEADER 00000cam a2200000 7i4500
001 0000004516
002 000004870
005 20020808.0
020 |a 1850762147 
090 0 0 |a 645.4   |b YAT 
100 1 |a Yates, Simon 
245 1 3 |a An Encyclopedia of Chairs   |c Simon Yates 
260 |a London :   |b The Apple Press ,   |c 1988 
300 |a Pv :   |b ill. ;   |c 1988. 
650 0 0 |a Chairs   |x Encyclopedias and Dictionaries 
999 |a 024340   |b ENSIKLOPEDIA DEWASA   |c PINJAMAN   |e PERPUSTAKAAN KOMUNITI PETALING JAYA 
999 |a 044418   |b BUKU   |c PINJAMAN   |e PERPUSTAKAAN KOMUNITI PETALING JAYA